| 000 | 00948nab a2200265 u 4500 | ||
|---|---|---|---|
| 001 | 02788 | ||
| 003 | HDC | ||
| 007 | cr bn --- | ||
| 008 | 201220p2011 -uk n |0 eng | ||
| 040 | _aHDC | ||
| 100 |
_aSandıkcı, O¨ zlem, _eauthor _9790 |
||
| 245 | 0 |
_aResearching Islamic marketing: past and future perspectives / _cby O¨ zlem Sandıkcı |
|
| 260 |
_aBingley, U.K. : _bEmerald Group Publishing Limited, _c2011 |
||
| 300 | _a1 online resource (17 pages) | ||
| 336 |
_atext _2rdacontent |
||
| 337 |
_acomputer _2rdamedia |
||
| 338 |
_aonline resource _2rdacarrier |
||
| 650 |
_aIslam _xCustoms and practices _9691 |
||
| 650 |
_aMarketing _xReligious aspects _xIslam _9791 |
||
| 650 |
_aMuslims _9247 |
||
| 856 | _zRequest full-text at [email protected] | ||
| 942 | _2lcc | ||
| 942 | _cAR | ||
| 942 | _kJART 001582 | ||
| 999 |
_c175 _d175 |
||